LEGO : Quelles sont ces voitures ? - Statistiques

Statistiques générales
  • Ce quiz a été pris 55 fois
  • Le résultat moyen est 5 sur 20
Statistiques - réponses
Par images Réponse % Correct
Bugatti Chiron
80%
Ford GT
43%
Mclaren P1
41%
Ferrari Daytona SP3
39%
Peugeot 9x8
37%
Land Rover Defender
35%
Bugatti Bolide
33%
Ferrari FXX K
33%
Lamborghini Sian FKP
33%
Ford GT40 MKII
30%
Lamborghini Huracan
22%
Porsche 911 GT3 R
22%
Lamborghini Revuelto
20%
Ford F-150 Raptor
17%
BMW M4 GT3 EVO
15%
Koenigsegg Jesko
15%
Ferrari 488 GTE
13%
Mercedes G 500
9%
Audi RS Q e-tron
2%
Corvette Stingray
2%
Aucun quiz correspondant
Distribution des résultats
% des personnes avec chaque résultat
Percentile par nombre de réponses
Votre historique - résultats
Vous n’avez pas pris ce quiz